000 00377nam a2200145Ia 4500
005 20260328101454.0
008 260328s9999||||xx |||||||||||||| ||und||
100 _aÁlvarez, Félix
245 0 _aPresupuestos en la Construcción /
_cFélix Álvarez
250 _a1a ed.
260 _bEdiciones CEAC
300 _a160 p.
650 _aCONSTRUCCIÓN - PLANEAMIENTO
942 _cBK
999 _c8786
_d8786